00254nam a22000977a 4500008004100000082001700041100001600058245003000074260004300104300000900147230608b xxu||||| |||| 00| 0 eng d a597.096bCOP cHugh Copley aThe Game Fishes of Africa aLondonbH. F. & G. Witherby LTDc1952 a276p